|
|
|
|
| LEADER |
00000nab a2200000uu 4500 |
| 001 |
vtls010899664 |
| 003 |
SK-MaSNL |
| 005 |
20260304000515.0 |
| 008 |
230222|2011 xo |||||||||||||||||eng| |
| 015 |
|
|
|a SNBRB
|
| 035 |
|
|
|a (urnnbn)urn:nbn:sk:snk:ar-a07jk0
|
| 035 |
|
|
|a (uuid)fc6ca154-d4a2-4ef6-826f-a8ed7d3396af
|
| 035 |
|
|
|a urn:nbn:sk:snk-ab8rkk
|
| 040 |
|
|
|a SNKBUCL
|b slo
|c SNKBUCL
|e AACR2
|
| 041 |
0 |
|
|a eng
|
| 044 |
|
|
|a xo
|c SK
|
| 100 |
1 |
|
|a Hes, L.
|4 aut
|9 781796
|
| 245 |
1 |
0 |
|a EFFECT OF TWO TYPES OF SOFTENERS AND WEFT COMPOSITION ON THERMAL COMFORT CHARACTERISTICS OF DENIM FABRICS
|c L. Hes, V. Bajzík, M. M. Mangat
|
| 700 |
1 |
|
|a Mangat, M. M.
|4 aut
|9 1276139
|
| 700 |
1 |
|
|a Bajzík, V.
|4 aut
|9 1161330
|
| 773 |
0 |
|
|t Vlákna a textil
|g Roč. 18, č. 4 (2011), s. 3-8
|
| 958 |
|
|
|a OND
|
| 958 |
|
|
|a EUIPO
|
| 958 |
|
|
|a article10
|
| 999 |
|
|
|c 2531613
|d 2533543
|